书目信息 |
| 题名: |
效果图表现技法
|
|
| 作者: | 张跃华 著 | |
| 分册: | ||
| 出版信息: | 上海 东方出版中心 2008.06 |
|
| 页数: | 127页 | |
| 开本: | 28cm | |
| 丛书名: | ||
| 单 册: | ||
| 中图分类: | J061 | |
| 科图分类: | ||
| 主题词: | 美术理论 | |
| 电子资源: | ||
| ISBN: | 978-7-80186-844-2 | |
| 000 | 00576nam0 2200193 450 | |
| 001 | 1249523197 | |
| 005 | 20201030081908.17 | |
| 010 | @a978-7-80186-844-2@dCNY42.00 | |
| 100 | @a20120214d2008 km y0chiy0120 ea | |
| 101 | 0 | @achi |
| 102 | @aCN@b310000 | |
| 200 | 1 | @a效果图表现技法@Axiao guo tu biao xian ji fa@f张跃华等著@Fzhang yue hua deng zhu |
| 210 | @a上海@c东方出版中心@d2008.06 | |
| 215 | @a127页@d28cm | |
| 606 | 0 | @a美术理论 |
| 690 | @aJ061@v4 | |
| 701 | 0 | @a张跃华@Azhang yue hua@4著 |
| 801 | 0 | @aCN@b大连网信软件有限公司图书馆·11@c20130520 |
| 905 | @aZUCC@dJ061@eZ232 | |
| 效果图表现技法/张跃华等著.-上海:东方出版中心,2008.06 |
| 127页;28cm |
| ISBN 978-7-80186-844-2:CNY42.00 |
| ● |
| 相关链接 |
|
|
|
正题名:效果图表现技法
索取号:J061/Z232
 
预约/预借
| 序号 | 登录号 | 条形码 | 馆藏地/架位号 | 状态 | 备注 |
| 1 | 1282333 | 212823337 | 社科库309/309社科库 63排4列5层/ [索取号:J061/Z232] | 在馆 | |
| 2 | 1498868 | 214988682 | 社科库309/309社科库 63排4列5层/ [索取号:J061/Z232] | 在馆 | |
| 3 | 1500723 | 215007230 | 社科库309/309社科库 63排4列5层/ [索取号:J061/Z232] | 在馆 | |
| 4 | 475266 | 204752669 | 艺术设计学院资料室/ [索取号:J061/Z232] | 在馆 | |
| 5 | 477810 | 204778106 | 社科库309/309社科库 63排4列5层/ [索取号:J061/Z232] | 在馆 |